Women and home-based work : the unspoken contract /

Bibliographic Details
Main Author: Christensen, K. (Kathleen)
Format: Book
Language:English
Published: New York : Holt, [1988]
Edition:1st ed.
Subjects:

MARC

Tag First Indicator Second Indicator Subfields
LEADER 00000cam a2200000 a 4500
001 in00000024825
005 20151007054420.0
008 870403s1988 nyu b 00110 eng
010 |a  87008527  
020 |a 080500386X 
035 |a (OCoLC)15549424 
035 |9 AAB4983AM 
040 |a DLC  |c DLC  |d TXA  |d UtOrBLW 
043 |a n-us--- 
049 |a TXAM  |c [A11502575] 
050 0 0 |a HD6072.6.U5  |b C47 1988 
082 0 |a 305.4/3  |2 19 
100 1 |a Christensen, K.  |q (Kathleen) 
245 1 0 |a Women and home-based work :  |b the unspoken contract /  |c Kathleen Christensen. 
250 |a 1st ed. 
264 1 |a New York :  |b Holt,  |c [1988] 
264 4 |c ©1988 
300 |a xv, 201 pages ;  |c 22 cm. 
336 |a text  |b txt  |2 rdacontent 
337 |a unmediated  |b n  |2 rdamedia 
338 |a volume  |b nc  |2 rdacarrier 
504 |a Bibliography: pages 185-195. 
500 |a Includes index. 
650 0 |a Self-employed women  |z United States. 
650 0 |a Home-based businesses  |z United States. 
650 0 |a Work and family  |z United States. 
999 |a MARS 
999 f f |s fab8e5ce-7706-3493-b8ab-627e12d37308  |i 7db401ce-6650-3bd5-8fb6-ce20c90795d0  |t 0 
952 f f |p ric  |a Texas A&M University  |b Rellis Campus  |c Joint Library Facility  |d Remote Storage  |t 0  |e HD6072.6.U5 C47 1988  |h Library of Congress classification  |i unmediated -- volume  |m A14811502575 
998 f f |a HD6072.6.U5 C47 1988  |t 0  |l Remote Storage